都道府県村のみの人口ランキング - Statistics

General Stats
  • This quiz has been taken 199 times
  • The average score is 14 of 34
Answer Stats
人口合計 都道府県 % Correct
145552 長野県
95%
130948 沖縄県
84%
76129 福島県
67%
53029 茨城県
61%
27729 北海道
51%
43968 群馬県
48%
32716 青森県
46%
12005 東京都
43%
31830 熊本県
39%
4893 大阪府
39%
21420 山梨県
38%
20599 奈良県
38%
13738 千葉県
38%
17370 新潟県
37%
14894 岩手県
37%
12315 高知県
36%
7431 秋田県
36%
5644 愛知県
35%
10881 山形県
34%
4093 鹿児島県
34%
3271 富山県
34%
2812 神奈川県
33%
615 島根県
33%
5650 宮城県
32%
5158 宮崎県
31%
3599 鳥取県
31%
1812 大分県
31%
2215 岡山県
30%
3622 岐阜県
29%
2548 埼玉県
29%
2505 京都府
29%
2170 徳島県
29%
404 和歌山県
29%
4865 福岡県
26%
No matching quizzes found
Score Distribution
Percent of People with Each Score
Percentile by Number Answered
Your Score History
You have not taken this quiz